000 00673 a2200181 4500
999 _c5144
_d5144
020 _a9781597497299 (pbk.)
050 0 0 _aQA76.9.AND 2012
100 1 _aAndress, Jason.
_eauthor
245 1 0 _aCoding for penetration testers :
_bbuilding better tools /
_cJason Andress, Ryan Linn.
264 _aAmsterdam:
_bElsevier.,
_c2012
300 _axxiv, 295 p. :
_bill. ;
500 _alncludes index
650 0 _aPenetration testing (Computer security)
650 0 _aComputer networks
_xSecurity measures
_xTesting.
700 1 _aLinn, Ryan.
942 _2lcc
_cBK
_h76.9
_iAND
_kQA